Loading...
| Science - Chemistry | 0 | 6 | 3 | 1 | 45 | 84 | 117.33 | 0 | 1 |
| Other Science (Math) | 0 | 4 | 1 | 0 | 35 | 78 | 108.50 | 1 | 1 |
| Science - Physics | 1 | 2 | 1 | 0 | 30 | 87 | 102.67 | 0 | 1 |
| Other Science (Engineering) | 1 | 0 | 0 | 0 | 15 | 89 | 89.00 | 1 | 1 |
| Other Science (Earth Science) | 0 | 1 | 0 | 0 | 10 | 112 | 112.00 | 0 | 0 |
| Philosophy | 0 | 1 | 0 | 0 | 10 | 129 | 129.00 | 0 | 0 |
| Religion | 0 | 1 | 0 | 0 | 10 | 140 | 140.00 | 0 | 0 |
| Social Science | 0 | 1 | 0 | 0 | 10 | 146 | 146.00 | 0 | 0 |
| Other Academic | 0 | 1 | 0 | 0 | 10 | 110 | 110.00 | 0 | 0 |
| Other Science (Astronomy) | 0 | 1 | 0 | 1 | 10 | 151 | 151.00 | 0 | 0 |
| Other Science (Computer Science) | 1 | 0 | 1 | 0 | 10 | 57 | 57.00 | 1 | 1 |
| Modern World | 0 | 1 | 0 | 0 | 10 | 128 | 128.00 | 0 | 0 |
| Science - Biology | 0 | 2 | 4 | 0 | 0 | 126 | 139.00 | 0 | 1 |